000 00483nam a2200181Ia 4500
001 17847
008 170404s1982 ii g b000 u asm u
082 _a891.4141
100 _aKakati, Manomati .
245 0 _aO Mor Chikuni Desh /
_cManomati Kakati.
_hTextual Documents
250 _a1st ed. /
260 _aGuwahati :
_bManimanik Prakash ,
_c1982.
300 _a96p. ;
_c22cm.
653 _aAssamese Novel
653 _aG-Assamese
653 _aT/G- Assamese
942 _2ddc
_cBK
999 _c17829
_d17829